000 002990000a22000970004500
100 1 _aCarter, Warren (1955- )
245 1 0 _aPaying the tax to rome as subversive praxis : Matthew 17.24-27
300 _aNúm 76 (1999), Páginas 3-31
773 0 _tJournal for the Study of the New Testament
942 _cANA
999 _c55972
_d55972